[Event "RUS-chT 31th"]
[Site "Sochi"]
[Date "2024.05.09"]
[Round "8.29"]
[White "Aleksandrov, Aleksej"]
[Black "Zakharov, Alexey O"]
[Result "1-0"]
[WhiteElo "2426"]
[BlackElo "2184"]
[PlyCount "77"]
[EventDate "2024.05.01"]
[EventType "team-tourn"]
[EventRounds "9"]
[EventCountry "RUS"]
[SourceTitle "CB20_2024"]
[SourceDate "2024.05.16"]
[SourceVersion "1"]
[SourceVersionDate "2024.05.16"]
[SourceQuality "1"]
[WhiteTeam "Belarus"]
[BlackTeam "St Petersburg SSHOR"]
[WhiteTeamCountry "BLR"]
[BlackTeamCountry "RUS"]

1. c4 Nf6 2. Nc3 e5 3. g3 d5 4. cxd5 Nxd5 5. Bg2 Nb6 6. Nf3 Nc6 7. 0-0 Be7 8. b3 0-0 9. Bb2 f5 10. Rc1 Be6 11. e3 Bf6 12. Ne2 Qe8 13. d4 Rd8 14. Qc2 e4 15. Ne5 Bxe5 16. dxe5 Nb4 17. Qb1 N6d5 18. Nf4 Nxf4 19. exf4 Rf7 20. f3 e3 21. Rce1 Qb5 22. Rxe3 Qb6 23. Rfe1 Nd5 24. Bc1 Rfd7 25. Bf1 Nxe3 26. Bxe3 Qb4 27. Rc1 b6 28. h3 g6 29. Qc2 c5 30. g4 Rd2 31. Qb1 c4 32. gxf5 gxf5 33. Bxd2 Rxd2 34. Bxc4 Kh8 35. Kh1 Qe7 36. Bxe6 Qxe6 37. Rd1 Qd5 38. Rxd2 Qxd2 39. Qxf5 1-0

[Event "RUS-chT 31th"]
[Site "Sochi"]
[Date "2024.05.07"]
[Round "6.24"]
[White "Zakharov, Alexey O"]
[Black "Popov, Konstantin"]
[Result "0-1"]
[WhiteElo "2184"]
[BlackElo "2380"]
[PlyCount "70"]
[EventDate "2024.05.01"]
[EventType "team-tourn"]
[EventRounds "9"]
[EventCountry "RUS"]
[SourceTitle "CB20_2024"]
[SourceDate "2024.05.16"]
[SourceVersion "1"]
[SourceVersionDate "2024.05.16"]
[SourceQuality "1"]
[WhiteTeam "St Petersburg SSHOR"]
[BlackTeam "Moscow Region"]
[WhiteTeamCountry "RUS"]
[BlackTeamCountry "RUS"]

1. e4 c5 2. Nf3 d6 3. d4 cxd4 4. Nxd4 Nf6 5. Nc3 a6 6. Bg5 Nbd7 7. a3 Qc7 8. Qd2 e6 9. 0-0-0 Be7 10. Kb1 b5 11. f3 Rb8 12. g4 b4 13. axb4 Rxb4 14. Bxf6 Bxf6 15. Nd5 exd5 16. Qxb4 dxe4 17. Nf5 0-0 18. Rxd6 Nc5 19. Qb6 Qxb6 20. Rxb6 exf3 21. Rc6 Ne4 22. Bd3 Nf2 23. Rg1 Nxd3 24. cxd3 h5 25. gxh5 f2 26. Nh6+ Kh7 27. Rf1 Kxh6 28. Rxf2 Rd8 29. d4 Bb7 30. Rb6 Rd7 31. d5 Kxh5 32. Rd2 Bd8 33. Rb3 Bxd5 34. Rh3+ Bh4 35. Ka1 Be6 0-1

[Event "St Petersburg Rapid 2023"]
[Site "St Petersburg"]
[Date "2023.08.26"]
[Round "3"]
[White "Paravyan, David"]
[Black "Zakharov, Alexey O"]
[Result "1-0"]
[WhiteElo "2597"]
[BlackElo "2157"]
[PlyCount "77"]
[EventDate "2023.08.26"]
[EventType "swiss (rapid)"]
[EventRounds "11"]
[EventCountry "RUS"]
[SourceTitle "EXT 2024"]
[Source "ChessBase"]
[SourceDate "2023.10.10"]
[SourceVersion "1"]
[SourceVersionDate "2023.10.10"]
[SourceQuality "1"]

1. e4 c5 2. Nf3 e6 3. d4 cxd4 4. Nxd4 Nf6 5. Nc3 Nc6 6. Nxc6 bxc6 7. e5 Nd5 8. Ne4 Qc7 9. f4 Qb6 10. c4 Bb4+ 11. Ke2 f5 12. exf6 Nxf6 13. Be3 Qa5 14. Nxf6+ gxf6 15. Kf2 0-0 16. Bd3 Rf7 17. a3 Bc5 18. Re1 d5 19. b4 Bxe3+ 20. Rxe3 Qc7 21. Qf3 Bd7 22. f5 exf5 23. Qg3+ Qxg3+ 24. Rxg3+ Rg7 25. Rxg7+ Kxg7 26. cxd5 cxd5 27. Rc1 Rc8 28. Rxc8 Bxc8 29. Ke3 Kg6 30. a4 Kg5 31. b5 f4+ 32. Kd4 h5 33. Be2 h4 34. h3 f3 35. Bxf3 Kf4 36. Bxd5 Kg3 37. a5 f5 38. b6 axb6 39. axb6 1-0

[Event "Wch U16"]
[Site "Mamaia"]
[Date "2022.09.15"]
[Round "10"]
[White "Nedelcu, Teodor Cosmin"]
[Black "Zakharov, Alexey O"]
[Result "0-1"]
[WhiteElo "2242"]
[BlackElo "2052"]
[PlyCount "126"]
[EventDate "2022.09.06"]
[EventType "swiss"]
[EventRounds "11"]
[EventCountry "ROU"]
[SourceTitle "CBM 210 Extra"]
[Source "ChessBase"]
[SourceDate "2022.11.30"]
[SourceVersion "1"]
[SourceVersionDate "2022.11.30"]
[SourceQuality "1"]

1. d4 Nf6 2. c4 g6 3. h4 h5 4. Nf3 Bg7 5. g3 0-0 6. Bg2 d5 7. cxd5 Nxd5 8. 0-0 Nb6 9. Nc3 Nc6 10. Bf4 Nxd4 11. Nxd4 e5 12. Ndb5 exf4 13. Qxd8 Rxd8 14. Nxc7 Rb8 15. gxf4 Bg4 16. f3 Bd7 17. Rfd1 Nc4 18. Rac1 Nxb2 19. Rd2 Nc4 20. Rd3 Nb6 21. Rcd1 Bxc3 22. Rxc3 Bc6 23. Rxd8+ Rxd8 24. Bh3 Rd2 25. Kf2 Rxa2 26. f5 Bd7 27. Kg3 Rxe2 28. fxg6 fxg6 29. Bxd7 Nxd7 30. Nb5 a6 31. Nd6 Re6 32. Nxb7 Kf8 33. Kf4 Ke7 34. Kg5 Ne5 35. Rc7+ Ke8 36. Rc8+ Ke7 37. Rc7+ Kf8 38. Rc8+ Kg7 39. Rc7+ Kg8 40. Rc8+ Kg7 41. Rc7+ Kf8 42. Rc8+ Ke7 43. Rc7+ Ke8 44. Rc8+ Kd7 45. Ra8 Nxf3+ 46. Kh6 Ke7 47. Ra7 Kf8 48. Nc5 Rc6 49. Rxa6 Rxa6 50. Nxa6 Kf7 51. Nb4 Nxh4 52. Nd5 Nf3 53. Nf4 h4 54. Nh3 Kf6 55. Ng5 Nd2 56. Nh7+ Kf5 57. Ng5 Ne4 58. Nf3 h3 59. Nh2 Nf2 60. Nf1 Ng4+ 61. Kh7 g5 62. Ng3+ Kf4 63. Nh1 Kf3 0-1

[Event "Wch U16"]
[Site "Mamaia"]
[Date "2022.09.06"]
[Round "1"]
[White "Zakharov, Alexey O"]
[Black "Ohanyan, Emin"]
[Result "0-1"]
[WhiteElo "2052"]
[BlackElo "2395"]
[PlyCount "82"]
[EventDate "2022.09.06"]
[EventType "swiss"]
[EventRounds "11"]
[EventCountry "ROU"]
[SourceTitle "CBM 210 Extra"]
[Source "ChessBase"]
[SourceDate "2022.11.30"]
[SourceVersion "1"]
[SourceVersionDate "2022.11.30"]
[SourceQuality "1"]

1. e4 c5 2. Nf3 e6 3. g3 Nc6 4. Bg2 Nf6 5. d3 d5 6. Qe2 Be7 7. 0-0 0-0 8. e5 Nd7 9. c4 Re8 10. h4 Nf8 11. h5 h6 12. Nc3 b6 13. Bf4 Bb7 14. Rad1 Rc8 15. b3 a6 16. Qb2 Qd7 17. Na4 Qd8 18. Nc3 Qd7 19. Na4 Bd8 20. d4 cxd4 21. Nxd4 Ne7 22. Qe2 Qc7 23. Qg4 Kh8 24. Nb2 Qb8 25. cxd5 Bxd5 26. Bxd5 Nxd5 27. Nc4 Bc7 28. Rfe1 Qb7 29. Qf3 Kg8 30. Bd2 b5 31. Nd6 Bxd6 32. exd6 Rcd8 33. Qg4 Nf6 34. Qh4 N8h7 35. Bf4 Nd5 36. Rc1 Nxf4 37. Qxf4 Ng5 38. Kh2 Qd5 39. Nc6 Nf3+ 40. Kh3 Qxh5+ 41. Kg2 Nxe1+ 0-1

[Event "Chigorin Memorial 28th"]
[Site "St Petersburg"]
[Date "2021.10.28"]
[Round "6"]
[White "Zakharov, Alexey O"]
[Black "Lezina, Anna"]
[Result "1-0"]
[WhiteElo "1962"]
[BlackElo "1637"]
[PlyCount "91"]
[EventDate "2021.10.23"]
[EventType "swiss"]
[EventRounds "9"]
[EventCountry "RUS"]
[SourceTitle "EXT 2023"]
[Source "ChessBase"]
[SourceDate "2022.10.05"]
[SourceVersion "1"]
[SourceVersionDate "2022.10.05"]
[SourceQuality "1"]

1. e4 Nf6 2. e5 Nd5 3. c4 Nb6 4. d4 d6 5. exd6 exd6 6. Nc3 Nc6 7. Be3 Be7 8. Bd3 Bf6 9. Nge2 Bg4 10. Qd2 d5 11. c5 Nc4 12. Bxc4 dxc4 13. 0-0 Qd7 14. f3 Bf5 15. Ne4 0-0-0 16. Rad1 Qe7 17. Nxf6 gxf6 18. Nf4 Rhg8 19. d5 Ne5 20. d6 Qd7 21. Qa5 a6 22. Kh1 Bd3 23. Rfe1 Qc6 24. Nd5 Rd7 25. Nb4 Qb5 26. Qxb5 axb5 27. Nd5 cxd6 28. cxd6 Rdd8 29. Ba7 Kd7 30. Nxf6+ Kxd6 31. Nxg8 Rxg8 32. a3 Nc6 33. Bf2 b4 34. axb4 Nxb4 35. Bg3+ Kd7 36. Re5 Nc2 37. b3 Kc6 38. bxc4 Bxc4 39. Rc1 Bd3 40. Re3 Rd8 41. Rxd3 Rxd3 42. Rxc2+ Kd5 43. h4 b5 44. Rc7 Rd1+ 45. Kh2 Ra1 46. Rxf7 1-0

[Event "Chigorin Memorial 28th"]
[Site "St Petersburg"]
[Date "2021.10.27"]
[Round "5"]
[White "Badazhkov, Egor"]
[Black "Zakharov, Alexey O"]
[Result "0-1"]
[WhiteElo "1583"]
[BlackElo "1962"]
[PlyCount "88"]
[EventDate "2021.10.23"]
[EventType "swiss"]
[EventRounds "9"]
[EventCountry "RUS"]
[SourceTitle "EXT 2023"]
[Source "ChessBase"]
[SourceDate "2022.10.05"]
[SourceVersion "1"]
[SourceVersionDate "2022.10.05"]
[SourceQuality "1"]

1. d4 Nf6 2. c4 g6 3. Nc3 d5 4. Nf3 Bg7 5. Bf4 c5 6. e3 0-0 7. Bd3 cxd4 8. Nxd4 Re8 9. Nf3 Nc6 10. Ne5 Nxe5 11. Bxe5 dxc4 12. Bxc4 Qa5 13. Bb5 Rd8 14. Qa4 Qxa4 15. Bxa4 Bf5 16. Rd1 a6 17. 0-0 Bd3 18. Bc7 Rdc8 19. Rxd3 Rxc7 20. Rfd1 Rac8 21. g3 b5 22. Bb3 Rb8 23. R3d2 e6 24. f3 a5 25. Kf2 a4 26. Bc2 a3 27. Ne2 axb2 28. Bb3 Rc5 29. Nd4 e5 30. Ne2 e4 31. Nd4 exf3 32. Kxf3 Re8 33. Rxb2 h5 34. h3 Rc3 35. Re2 Bh6 36. Nxb5 Rcxe3+ 37. Rxe3 Rxe3+ 38. Kg2 Ne4 39. Nd6 Re2+ 40. Kf3 Re3+ 41. Kg2 Rxg3+ 42. Kh2 Bf4 43. Nxe4 Rxb3+ 44. Kg2 Ra3 0-1